000 00593nam a2200193Ia 4500
003 GCL
008 140319s9999 xx 000 0 ara d
040 _aGCL /
_cGCL
082 0 4 _a358.1
_bب م
100 1 _aميلينكون, بيربوكوف
245 1 0 _aمكافحة الدبابات /
_cميلينكون, بيربوكوف
700 1 _aجليل كمال الدين
300 _a221 ص
490 _aسلسلة العلوم العسكرية
_v0
650 0 4 _aالعلوم العسكرية
650 0 4 _aجليل كمال الدين
650 0 4 _aالدبابات
942 _2ddc
_cBK
999 _c46554
_d46554